00815nam a22001697a 4500003000400000005001700004008004100021040002600062082002100088100002400109245008100133260003900214300003200253520032400285546001300609700002300622OSt20260302004839.0260302b |||||||| |||| 00| 0 eng d aDWCL GS library cOC  aFic. D621t 2002  aDixon, Franklin W.  athe hardy boys mystery stories 1 b: the tower treasure cFranklin W. Dixon  aNew YorkbGrosset & Dunlap cc1927 a180 billustrations c19cm  aIn The Tower Treasure (1927), teenage brothers Frank and Joe Hardy investigate the robbery of Tower Mansion to clear their friend’s father, who is wrongly accused of stealing Hurd Applegate's jewelry and securities. The boys track down the true thief John "Red" Jackley, who dies before revealing the loot's location. aEnglish  aFranklin W. Dixon